00832nam a2200217 a 4500008004100000020001500041050001600056100002000072245008200092260003400174300001800208350000900226490003500235490000900270500002900279650001300308650006400321995008800385999001700473952012400490120416s1981 ||||||||||||||||| || u a0898380529 aHD 3887 Stu aHorn, Richard J10aStudies in the management of government enterprisecedited by Richard J. Horn aBostonbMartinus Njhoffc1981 a179 p. : ill. a0.00 aSocial dimensions of economics vv. 1 aIncludes bibliographies. 0aBUSINESS aGOVERNMENT--BUSINESS ENTERPRISES--UNITED STATES--MANAGEMENT D0.00FCBU-MAIN LIBRARY (Kitwe)H1I25.00M1UAVAILABLEZAnnex Low-Usage Collection  c58793d58793 00102lcc4070a001b001cAnnex Low-Usage Collection d2022-11-30l0oHD 3887 Stup004168r2022-11-30w2022-11-30y002